00909nab a2200229 uc450000100070000000500170000700800410002403500110006503500210007604000130009704100080011010000380011824501990015626000100035565000190036565000120038465000300039665000390042670000300046570000340049577301500052970143020260509100947.0011026s2000 eng  a701430 a(OCoLC)819920410 ccomduadb aeng10aOnwuegbuzie, Anthony J.4auteaut14aThe validation of three scales measuring anxiety at different stages of the foreign language learning process : the input anxiety scale, the processing axienty scale and the output anxiety scale c2000. 7aAnsiedad2lemb aAnxiety aForeign language learning aAprendizaje de lenguas extranjeras10aBailey, Phillip4auteaut10aDaley, Christine E.4auteaut0 tLanguage Learning : a Journal of Research in Language Studies ( Estados Unidos)gVol. 50, No. 01, Mar. 2000, p. 87-117w686241x0023-83330209019